LEADER 01143nam a2200277 i 4500 001 000000111670 003 CaOOAMICUS 005 20050928000000.0 008 050928s1977 fr u000 u fre u 013 $a84352 040 $aSeMil$bita 100 1 $aDauphin, Jean-Pierre.$0(OLS)http://semarc/name/46808 245 10$aAlbum Céline /$ciconographie réunie et commentée par Jean-Pierre Dauphin et Jacques Boudillet. 260 $a[Paris] :$bGallimard,$ccopyr. 1977. 300 $a287 p. :$briccamente ill. ;$c18 cm. 490 0 $aBibliothèque de la pléiade 500 $aIn custodia. - Fondo Ciprandi. 600 14$aCéline, Louis Ferdinand <1894-1961>.$0(OLS)http://semarc/subject/20030 700 1 $aBoudillet, Jacques.$0(OLS)http://semarc/name/46809 830 0$aBibliothèque de la Pléiade.$0(OLS)http://semarc/title/42418 850 $aSeMil 852 $aSeMil$W1$xVenegono$y1$m5P I 27$j67491$B67491$CSeMilBibl$Z2$F103546 $81 941 1 $a1 961 $aOmaggio: Ciprandi dott. Paolo 996 $6245$aAlbum Céline$9(OLS)http://semarc/title/162617 996 $6260$a[Paris] :$bGallimard$9(OLS)http://semarc/publisher/30050 LEADER 01119nam a2200265 i 4500 001 000000127054 003 CaOOAMICUS 005 20070312000000.0 008 070312s2000 xxu u000 u eng u 013 $a99762 020 $a1-57075-312-1 040 $aSeMil$bita 100 1 $aJohnston, William,$d<1925- >.$0(OLS)http://semarc/name/23496 245 10$a"Arise, my love..." :$bmysticism for a New Era /$cWilliam Johnston. 260 $aMaryknoll, New York :$bOrbis Books,$ccopyr. 2000. 300 $aXVIII, 261 p. ;$c24 cm. 500 $aCon dedica autografa dell'Autore. - Fondo Card. C.M. Martini. 650 4$aMisticismo - Chiesa cattolica - Storia.$0(OLS)http://semarc/subject/24902 850 $aSeMil 852 $aSeMil$W1$xVenegono$y1$m2R IV 339$j81382$B81382$CSeMilBibl$Z2$F121854 $81 941 1 $a4 961 $aOmaggio: Martini Card. Carlo Maria 996 $6020$a1-57075-312-1$9(OLS)http://semarc/number/113373 996 $6245$a"Arise, my love..." :$bmysticism for a New Era$9(OLS)http://semarc/title/187432 996 $6260$aMaryknoll, New York :$bOrbis Books$9(OLS)http://semarc/publisher/35261